1512 1697 1464 1542 1995 1922 1477 1008 1756 1696 1851 1444 1235 1998 1945 1393 1413 1934 1026 1178 1084 1432 1764 1546 1539 1108 1310 1524 1633 1926 1404 1034 1408 1695 1442 1456 1973 1088 1328 1256 1876 1257 1918 1732 1302 1127 1977 1523 1129 1820 1090 1098 1162 1800 1821 1359 1421 1882 1397 1888 1271 1405 1177 1632 1144 1878 1726 1298 1162 1380 1153 1679 1355 1912 1174 1450 1815 1693 1783 1298 1776 1162 1152 1391 1558 1299 1510 1285 1539 1617 1997 1159 1922 1804 1177 1632 1279 1456 1253 BCNSPRNW ULIB Ver.6.0+V

เปลี่ยนเป็นภาษาไทย

Change to English
 แสดงรายละเอียดบรรณานุกรม
  กลับหน้าหลัก

Brief Record : Get Marc (ISO 2709) : E-mail record : QR code < ปิดหน้าต่าง
LEADER : 00000nam 2200000uu 4500
001    13399114873
003     ULIB
008    120612s2545||||th 000 0 tha d
020    ^a9742947341
060 04 ^aWA546^bส712ค 2545
110 1  ^aสำนักงานสาธารณสุขจังหวัดนครราชสีมา
245 00 ^aคู่มือดำเนินงาน:ศูนย์สุขภาพชุมชน/^cสำเริง แหยงกระโทก ,รุจิรา มังคละศิริ,บรรณาธิการ^d
260    ^a[นครราชสีมา :^bสำนักงานสาธารณสุขจังหวัดนครราชสีมา], 2545
300    ^a220 หน้า.
650  7 ^aการดำเนินงานศูนย์สุขภาพชุมชน
700 0  ^aสำเริง แหยงกระโทก,^eบรรณาธิการ
700 0  ^aรุจิรา มังคละศิริ,^eบรรณาธิการ
710 2  ^aสำนักงานสาธารณสุขจังหวัดนครราชสีมา
945    ^p0^l0^i11517
945    ^p0^l0^i11513
945    ^p0^l0^i11514
945    ^p0^l0^i11515
945    ^p0^l0^i11519
945    ^p0^l0^i11520
995    ^aกัณชพร
999    ^aใช้งานได้ทุกระบบ
รายการนี้ยังไม่มีแท็ก
คุณยังไม่ได้ล็อกอิน คุณสามารถมีกิจกรรมร่วมกับเว็บไซต์ได้ แต่ต้องล็อกอินก่อน ::
  ล็อกอิน

รายการสื่อสารสนเทศ

ลำดับที่ ประเภท เลขเรียก/บาร์โค้ด สถานที่ สถานะ
- ไม่พบข้อมูล -

รายการใกล้เคียง
    หัวเรื่อง [การดำเนินงานศูนย์สุขภาพชุมชน]

BibComment


ยังไม่เคยถูกคอมเมนท์

คอมเมนท์ทรัพยากรรายการนี้
  คอมเมนท์: คู่มือดำเนินงานศ..


 Copyright 2026. Bcnsprnw @Library